000 00852nja a2200205 a 4500
003 BLK
005 20180422124048.0
008 180414c bul|r|ner|||| 00| c0bul d
010 _aNOT00003072185
040 _aBLK
700 1 _aТричков, Борис Цветанов
_eмузика и текст
_9388732
245 1 0 _aТри коледни песни
_bЗа два гласа и инструмент ad libitum
_cмузика и текст Борис Цветанов Тричков.
257 _aBGR
380 _a7
500 _aАх, Коледа ; Ой, Коледо, Бим бам бум, празник е днес : Тригласен канон
773 _0315112
_9667894
_tГодината в песни
852 _aЦб М ІІ 11784
942 _cNOT
_n0
944 _aCR
_c14.01.2010
_kИрена_Линкова
944 _aED
_c12.11.2014
_kВиолета_Тройчева
999 _c315297
_d315297